000 00588nam a2200229Ia 4500
003 OSt
005 20221005081138.0
006 a|||||r|||| 00| 0
007 ta
008 221004b |||||||| |||| 00| 0 eng d
020 _a8120317084
024 _a106529
037 _cTextual
040 _aCRL
_cCRL
_beng
041 _2eng
_aeng
082 _aX:8:S, P1
100 _aRobbins Stephen P.
245 0 _aOrganizational behavior
260 _aNew Delhi
_bPrentice hall India
_c2001
942 _hX:8:S, P1
_cTEXL
_2cc
999 _c987264
_d987264